<?xml version="1.0" encoding="UTF-8"?>
<record
    xmlns:xsi="http://www.w3.org/2001/XMLSchema-instance"
    xsi:schemaLocation="http://www.loc.gov/MARC21/slim http://www.loc.gov/standards/marcxml/schema/MARC21slim.xsd"
    xmlns="http://www.loc.gov/MARC21/slim">

  <leader>00567nam a22001337a 4500</leader>
  <datafield tag="040" ind1=" " ind2=" ">
    <subfield code="c">RUA</subfield>
  </datafield>
  <datafield tag="082" ind1=" " ind2=" ">
    <subfield code="a">AGR ONG 2009 B042 Or.1</subfield>
  </datafield>
  <datafield tag="100" ind1=" " ind2=" ">
    <subfield code="a">ONG, PISETH.</subfield>
  </datafield>
  <datafield tag="245" ind1=" " ind2=" ">
    <subfield code="a">effect of wood vinegar on nutrient release from cow dung (&#x17A5;&#x1791;&#x17D2;&#x1792;&#x17B7;&#x1796;&#x179B;&#x1793;&#x17C3;&#x1791;&#x17B9;&#x1780;&#x1781;&#x17D2;&#x1798;&#x17C1;&#x17C7;&#x1788;&#x17BE;&#x179B;&#x17BE;&#x1780;&#x17B6;&#x179A;&#x1794;&#x1789;&#x17D2;&#x1785;&#x17C1;&#x1789;&#x179F;&#x17B6;&#x179A;&#x1792;&#x17B6;&#x178F;&#x17BB;&#x1785;&#x17B7;&#x1789;&#x17D2;&#x1785;&#x17B9;&#x1798;&#x1796;&#x17B8;&#x179B;&#x17B6;&#x1798;&#x1780;&#x1782;&#x17C4;)</subfield>
  </datafield>
  <datafield tag="260" ind1=" " ind2=" ">
    <subfield code="a">Phnom Penh</subfield>
    <subfield code="b">RUA</subfield>
    <subfield code="c">2009</subfield>
  </datafield>
  <datafield tag="300" ind1=" " ind2=" ">
    <subfield code="a">xii, 58p.</subfield>
    <subfield code="b">ill.</subfield>
    <subfield code="c">29cm.</subfield>
  </datafield>
  <datafield tag="856" ind1=" " ind2=" ">
    <subfield code="u">https://drive.google.com/file/d/1a6fnIC61w6J0f9o22LIzrD9nrjrVJzjF/view?usp=sharing</subfield>
  </datafield>
  <datafield tag="942" ind1=" " ind2=" ">
    <subfield code="c">AGR</subfield>
  </datafield>
  <datafield tag="999" ind1=" " ind2=" ">
    <subfield code="c">938</subfield>
    <subfield code="d">938</subfield>
  </datafield>
  <datafield tag="952" ind1=" " ind2=" ">
    <subfield code="0">0</subfield>
    <subfield code="1">0</subfield>
    <subfield code="2">ddc</subfield>
    <subfield code="4">0</subfield>
    <subfield code="6">AGR_ONG_2009_000000000000000_B042_OR_1</subfield>
    <subfield code="7">0</subfield>
    <subfield code="9">3842</subfield>
    <subfield code="a">LBB</subfield>
    <subfield code="b">LBB</subfield>
    <subfield code="c">B042</subfield>
    <subfield code="d">2015-09-21</subfield>
    <subfield code="o">AGR ONG 2009 B042 Or.1</subfield>
    <subfield code="p">RUA000542</subfield>
    <subfield code="r">2015-09-21</subfield>
    <subfield code="w">2015-09-21</subfield>
    <subfield code="y">AGR</subfield>
  </datafield>
  <datafield tag="952" ind1=" " ind2=" ">
    <subfield code="0">0</subfield>
    <subfield code="1">0</subfield>
    <subfield code="2">ddc</subfield>
    <subfield code="4">0</subfield>
    <subfield code="6">AGR_ONG_2009_000000000000000_B042_OR_2</subfield>
    <subfield code="7">0</subfield>
    <subfield code="9">3843</subfield>
    <subfield code="a">LBB</subfield>
    <subfield code="b">LBB</subfield>
    <subfield code="c">B042</subfield>
    <subfield code="d">2015-09-21</subfield>
    <subfield code="o">AGR ONG 2009 B042 Or.2</subfield>
    <subfield code="p">RUA000614</subfield>
    <subfield code="r">2015-09-21</subfield>
    <subfield code="w">2015-09-21</subfield>
    <subfield code="y">AGR</subfield>
  </datafield>
  <datafield tag="952" ind1=" " ind2=" ">
    <subfield code="0">0</subfield>
    <subfield code="1">0</subfield>
    <subfield code="2">ddc</subfield>
    <subfield code="4">0</subfield>
    <subfield code="6">AGR_ONG_2009_000000000000000_B042_OR_3</subfield>
    <subfield code="7">0</subfield>
    <subfield code="9">3844</subfield>
    <subfield code="a">LBB</subfield>
    <subfield code="b">LBB</subfield>
    <subfield code="c">B042</subfield>
    <subfield code="d">2015-09-21</subfield>
    <subfield code="o">AGR ONG 2009 B042 Or.3</subfield>
    <subfield code="p">RUA000621</subfield>
    <subfield code="r">2015-09-21</subfield>
    <subfield code="w">2015-09-21</subfield>
    <subfield code="y">AGR</subfield>
  </datafield>
  <datafield tag="952" ind1=" " ind2=" ">
    <subfield code="0">0</subfield>
    <subfield code="1">0</subfield>
    <subfield code="2">ddc</subfield>
    <subfield code="4">0</subfield>
    <subfield code="6">AGR_ONG_2009_000000000000000_B042_OR_4</subfield>
    <subfield code="7">0</subfield>
    <subfield code="9">3845</subfield>
    <subfield code="a">LBB</subfield>
    <subfield code="b">LBB</subfield>
    <subfield code="c">B042</subfield>
    <subfield code="d">2015-09-21</subfield>
    <subfield code="o">AGR ONG 2009 B042 Or.4</subfield>
    <subfield code="p">RUA000693</subfield>
    <subfield code="r">2015-09-21</subfield>
    <subfield code="w">2015-09-21</subfield>
    <subfield code="y">AGR</subfield>
  </datafield>
  <datafield tag="952" ind1=" " ind2=" ">
    <subfield code="0">0</subfield>
    <subfield code="1">0</subfield>
    <subfield code="2">ddc</subfield>
    <subfield code="4">0</subfield>
    <subfield code="6">AGR_ONG_2009_000000000000000_B042_OR_5</subfield>
    <subfield code="7">0</subfield>
    <subfield code="9">3846</subfield>
    <subfield code="a">LBB</subfield>
    <subfield code="b">LBB</subfield>
    <subfield code="c">B042</subfield>
    <subfield code="d">2015-09-21</subfield>
    <subfield code="o">AGR ONG 2009 B042 Or.5</subfield>
    <subfield code="p">RUA000765</subfield>
    <subfield code="r">2015-09-21</subfield>
    <subfield code="w">2015-09-21</subfield>
    <subfield code="y">AGR</subfield>
  </datafield>
  <datafield tag="952" ind1=" " ind2=" ">
    <subfield code="0">0</subfield>
    <subfield code="1">0</subfield>
    <subfield code="2">ddc</subfield>
    <subfield code="4">0</subfield>
    <subfield code="6">AGR_ONG_2009_000000000000000_B042_OR_6</subfield>
    <subfield code="7">0</subfield>
    <subfield code="9">3847</subfield>
    <subfield code="a">LBB</subfield>
    <subfield code="b">LBB</subfield>
    <subfield code="c">B042</subfield>
    <subfield code="d">2015-09-21</subfield>
    <subfield code="o">AGR ONG 2009 B042 Or.6</subfield>
    <subfield code="p">RUA000837</subfield>
    <subfield code="r">2015-09-21</subfield>
    <subfield code="w">2015-09-21</subfield>
    <subfield code="y">AGR</subfield>
  </datafield>
  <datafield tag="952" ind1=" " ind2=" ">
    <subfield code="0">0</subfield>
    <subfield code="1">0</subfield>
    <subfield code="2">ddc</subfield>
    <subfield code="4">0</subfield>
    <subfield code="6">AGR_ONG_2009_000000000000000_B042_OR_7</subfield>
    <subfield code="7">0</subfield>
    <subfield code="9">3848</subfield>
    <subfield code="a">LBB</subfield>
    <subfield code="b">LBB</subfield>
    <subfield code="c">B042</subfield>
    <subfield code="d">2015-09-21</subfield>
    <subfield code="o">AGR ONG 2009 B042 Or.7</subfield>
    <subfield code="p">RUA000403</subfield>
    <subfield code="r">2015-09-21</subfield>
    <subfield code="w">2015-09-21</subfield>
    <subfield code="y">AGR</subfield>
  </datafield>
  <datafield tag="952" ind1=" " ind2=" ">
    <subfield code="0">0</subfield>
    <subfield code="1">0</subfield>
    <subfield code="2">ddc</subfield>
    <subfield code="4">0</subfield>
    <subfield code="6">AGR_ONG_2009_000000000000000_B042_OR_8</subfield>
    <subfield code="7">0</subfield>
    <subfield code="9">3849</subfield>
    <subfield code="a">LBB</subfield>
    <subfield code="b">LBB</subfield>
    <subfield code="c">B042</subfield>
    <subfield code="d">2015-09-21</subfield>
    <subfield code="o">AGR ONG 2009 B042 Or.8</subfield>
    <subfield code="p">RUA000475</subfield>
    <subfield code="r">2015-09-21</subfield>
    <subfield code="w">2015-09-21</subfield>
    <subfield code="y">AGR</subfield>
  </datafield>
  <datafield tag="952" ind1=" " ind2=" ">
    <subfield code="0">0</subfield>
    <subfield code="1">0</subfield>
    <subfield code="2">ddc</subfield>
    <subfield code="4">0</subfield>
    <subfield code="6">AGR_ONG_2009_000000000000000_B042_OR_9</subfield>
    <subfield code="7">0</subfield>
    <subfield code="9">3850</subfield>
    <subfield code="a">LBB</subfield>
    <subfield code="b">LBB</subfield>
    <subfield code="c">B042</subfield>
    <subfield code="d">2015-09-21</subfield>
    <subfield code="o">AGR ONG 2009 B042 Or.9</subfield>
    <subfield code="p">RUA000549</subfield>
    <subfield code="r">2015-09-21</subfield>
    <subfield code="w">2015-09-21</subfield>
    <subfield code="y">AGR</subfield>
  </datafield>
  <datafield tag="952" ind1=" " ind2=" ">
    <subfield code="0">0</subfield>
    <subfield code="1">0</subfield>
    <subfield code="2">ddc</subfield>
    <subfield code="4">0</subfield>
    <subfield code="6">AGR_ONG_2009_000000000000000_B042_OR_10</subfield>
    <subfield code="7">0</subfield>
    <subfield code="9">3981</subfield>
    <subfield code="a">LBB</subfield>
    <subfield code="b">LBB</subfield>
    <subfield code="c">B042</subfield>
    <subfield code="d">2015-09-21</subfield>
    <subfield code="o">AGR ONG 2009 B042 Or.10</subfield>
    <subfield code="p">RUA000258</subfield>
    <subfield code="r">2015-09-21</subfield>
    <subfield code="w">2015-09-21</subfield>
    <subfield code="y">AGR</subfield>
  </datafield>
</record>
